000 01265aam a2200313 i 4500
001 768714001
003 CO-MdFUSB
005 20250305082028.0
007 ta
008 241122t1973 sp |||| |||| 00| 0 spa d
040 _cCO-MdFUSB
041 0 _aspa
082 0 4 _a261.836
_223
_bSCH294
100 1 _aSchaeffer, Francis A. (August)
_eautor
240 _aPollution and the death of man: the christian view of ecology
245 1 0 _aPolución y la muerte del hombre :
_benfoque cristiano a la ecología
_c/ Francis A. Schaeffer ; traducido por Javier José Marín
264 1 _bMundo Hispano,
_aBuenos Aires, Argentina :
_c[1973]
264 4 _c©1973
300 _a112 páginas
_c; 19 cm
336 _atexto
_btxt
_2rdacontent
337 _2rdamedia
_asin mediación
_bn
338 _2rdacarrier
_avolumen
_bnc
505 _a¿Qué la han hecho a nuestra bella hermana? -- Panteísmo: el hombre no es superior a la hierba. -- Otras respuestas inadecuadas. -- El punto de vista cristiano: creación. -- Una sanidad substancial. -- El punto de vista cristiano: La planta piloto.
563 _aRústico
650 0 _aHombres (Teología cristiana)
_91269
700 _aMarín, Javier José,
_911125
_etraductor
942 _cBK
945 _aJTF-925
999 _c43177
_d43177